Enquête changements organisationnels et informatisation (notice n° 1660374)
[ vue normale ]
| 000 -LEADER | |
|---|---|
| fixed length control field | 02255cam a2200193 4500500 |
| 005 - DATE AND TIME OF LATEST TRANSACTION | |
| control field | 20260208013549.0 |
| 041 ## - LANGUAGE CODE | |
| Language code of text/sound track or separate title | fre |
| 042 ## - AUTHENTICATION CODE | |
| Authentication code | dc |
| 100 10 - MAIN ENTRY--PERSONAL NAME | |
| Personal name | Greenan, Nathalie |
| Relator term | author |
| 245 00 - TITLE STATEMENT | |
| Title | Enquête changements organisationnels et informatisation |
| 260 ## - PUBLICATION, DISTRIBUTION, ETC. | |
| Date of publication, distribution, etc. | 2005.<br/> |
| 500 ## - GENERAL NOTE | |
| General note | 27 |
| 520 ## - SUMMARY, ETC. | |
| Summary, etc. | Ce texte présente les enquêtes Changement Organisationnel et Informatisation de 1997 et 2006. Il retrace tout d’abord l’origine de ce nouvel outil statistique reliant évolutions organisationnelles et technologiques et permettant d’observer simultanément, voire de confronter, les déclarations des dirigeants des entreprises et celles des salariés. Il présente ensuite les principales thématiques de la nouvelle enquête et développe la façon dont les relations au travail y sont mesurées dans les deux volets « salariés » et « entreprises ». Les relations interentreprises sont détaillées ainsi que les outils de gestion et les technologies qui les équipent. Il en va de même pour les relations horizontales et verticales de travail entre les salariés, le travail collectif et les collectifs de travail, ou les relations hiérarchiques. |
| 520 ## - SUMMARY, ETC. | |
| Summary, etc. | ORGANIZATIONAL CHANGE AND COMPUTERIZATION How are relationships at work survey ? This article presents the « Organizational Change and Computerization » surveys undertaken in 1997 and 2006. It first considers the origin of this new statistical tool which links organizational and technological developments and allows simultaneous observation and even comparison of the statements of company directors and their employees. It then presents the main topics of the 2006 survey and describes the way in which working relations are assessed in its labour force and business sections. Inter-firm relations, management tools and the technologies equipping them are detailed, as are horizontal and vertical working relations between employees, collective work and work collectives, and hierarchical relations. |
| 700 10 - ADDED ENTRY--PERSONAL NAME | |
| Personal name | Guillemot, Danièle |
| Relator term | author |
| 700 10 - ADDED ENTRY--PERSONAL NAME | |
| Personal name | Moatty, Frédéric |
| Relator term | author |
| 786 0# - DATA SOURCE ENTRY | |
| Note | Réseaux | 134 | 6 | 2005-12-01 | p. 21-63 | 0751-7971 |
| 856 41 - ELECTRONIC LOCATION AND ACCESS | |
| Uniform Resource Identifier | <a href="https://shs.cairn.info/revue-reseaux1-2005-6-page-21?lang=fr&redirect-ssocas=7080">https://shs.cairn.info/revue-reseaux1-2005-6-page-21?lang=fr&redirect-ssocas=7080</a> |
Pas d'exemplaire disponible.




Réseaux sociaux